[Event "Brno"]
[Site "Brno"]
[Date "1993.??.??"]
[Round "8"]
[White "Boensch, Uwe"]
[Black "Schlosser, Philipp"]
[Result "1/2-1/2"]
[WhiteElo "2525"]
[BlackElo "2550"]

1.d4 Nf6 2.c4 e6 3.Nf3 b6 4.a3 c5 5.d5 Ba6 6.Qc2 exd5 7.cxd5 g6 8.Nc3 Bg7
9.g3 O-O 10.Bg2 d6 11.O-O Nbd7 12.Re1 Re8 13.h3 b5 14.e4 Qb6 15.Be3 Rac8
16.Bf1 Qb7 17.Bf4 Qb6 18.a4 b4 19.Nb5 b3 20.Qxb3 Rxe4 21.Rxe4 Nxe4 22.Qc2 f5
23.Bc4 Ndf6 24.a5 Qb7 25.Nxd6 Nxd6 26.Bxd6 Bxc4 27.Qxc4 Qxd5 28.Qxd5+ Nxd5
29.Rd1 Nb4 30.Be5 Bxe5 31.Nxe5 c4 32.Rd4 Rc5 33.Rxc4 Rxe5 34.Rxb4 Rxa5 35.Rb7 Ra1+
36.Kg2 a5 37.Kf3 a4 38.Kf4 Rb1 39.Rb4 Kg7 40.f3 Ra1 41.Rb7+ Kf6 42.Rb6+ Kg7
43.g4 fxg4 44.hxg4 a3 45.Rb7+ Kg8 46.bxa3 Rxa3 47.Ke4 Ra8 48.Re7 Rf8 49.f4 Rf7
50.Re8+  1/2-1/2

[Event "Bucharest1"]
[Site "Bucharest"]
[Date "1993.??.??"]
[Round "2"]
[White "Bets, Anatolij"]
[Black "Roizen, Nadejda"]
[Result "1/2-1/2"]
[WhiteElo "2260"]
[BlackElo "2205"]

1.d4 Nf6 2.c4 e6 3.Nf3 b6 4.a3 Bb7 5.Nc3 Be7 6.Qc2 d5 7.cxd5 Nxd5 8.e4 Nxc3
9.bxc3 O-O 10.Bd3 c5 11.O-O Nc6 12.Bb2 Rc8 13.Qe2 Bf6 14.Qe3 Na5 15.Nd2 e5
16.dxe5 Bxe5 17.f4 c4 18.Bc2 Bd6 19.Kh1 Re8 20.Rad1 Qe7 21.e5 g6 22.Be4 Bc5
23.Qf3 Rcd8 24.Bxb7 Rd3 25.Qe4 Re3 26.Qc2 Qxb7 27.Rde1 f5 28.Nf3 Rd8 29.Nd4 Rxe1
30.Rxe1 Qd5 31.Qf2 Nc6  1/2-1/2

[Event "Bucharest1"]
[Site "Bucharest"]
[Date "1993.??.??"]
[Round "6"]
[White "Bets, Anatolij"]
[Black "Cosma, Ioan"]
[Result "1/2-1/2"]
[WhiteElo "2260"]
[BlackElo "2365"]

1.d4 Nf6 2.c4 e6 3.Nf3 b6 4.a3 Bb7 5.Nc3 d5 6.Qc2 Be7 7.cxd5 exd5 8.Bf4 c6
9.b4 O-O 10.e3 Nbd7 11.b5 c5 12.Bd3 Rc8 13.Qb2 Nh5 14.Bg3 Nxg3 15.hxg3 Nf6
16.O-O Ne4 17.dxc5 bxc5 18.Bxe4 dxe4 19.Rfd1 Qa5 20.Nd2 Bf6 21.Rdc1 Qb6 22.Rab1 Rfd8
23.Nc4 Qe6 24.Na5 Ba8 25.Qa2 Rd3 26.Qxe6 fxe6 27.Ne2 Rxa3 28.Nc4 Ra2 29.Nf4 e5
30.Nh5 Be7 31.Nxe5 Rf8 32.Nf4 g5 33.Nh3 Rf5 34.Nc6 Bf8 35.Rc4 h6 36.Rxe4 Rf6
37.Re8 Rxc6 38.Rxa8 Rf6 39.g4 Kg7 40.f4 Bd6 41.Rc8 gxf4 42.exf4 Rf8 43.Rxf8 Bxf8
44.g5 hxg5 45.fxg5 Be7  1/2-1/2

[Event "Elekes mem"]
[Site "Budapest"]
[Date "1993.??.??"]
[Round "2"]
[White "Lorincz, Istvan"]
[Black "Contin, Daniel"]
[Result "1-0"]
[WhiteElo "2355"]
[BlackElo "2395"]

1.d4 Nf6 2.Nf3 e6 3.c4 b6 4.a3 Bb7 5.Nc3 d5 6.Bf4 dxc4 7.Qa4+ c6 8.Qxc4 Be7
9.g3 b5 10.Qb3 a6 11.Bg2 c5 12.dxc5 Nbd7 13.O-O Nxc5 14.Qd1 O-O 15.Qxd8 Rfxd8
16.Rad1 Nfe4 17.Nxe4 Bxe4 18.Bc7 Rxd1 19.Rxd1 Rc8 20.Be5 f6 21.Bf4 e5 22.Be3 Na4
23.Rd7 Kf8 24.Ra7 Nxb2 25.Nxe5 Bxg2 26.Nd7+ Ke8 27.Kxg2 Nc4 28.Nb6 Nxb6 29.Bxb6 Rc6
30.Ba5 Bxa3 31.Rxg7 Be7 32.Rxh7 Rc4 33.Rh8+ Bf8 34.Rh7 Ra4 35.Bc3 Be7 36.Rh8+ Kf7
37.Rb8 b4 38.Bd4 a5 39.e3 Ra2 40.Rb7 Ke6 41.h4 a4 42.h5 Rc2 43.h6 Rc8 44.g4 Rg8
45.h7 Rh8 46.g5 Rxh7 47.gxf6 Bxf6 48.Rxh7 Bxd4 49.exd4 a3 50.Ra7 Kd5 51.Ra4 Kc4
52.Kf3 Kb3 53.Ra8 Kc4 54.Ke4 b3 55.Ra4+  1-0

[Event "Spring op"]
[Site "Budapest"]
[Date "1993.??.??"]
[Round "5"]
[White "Zimmerman, Yuri"]
[Black "Papagorasz, Takisz"]
[Result "1/2-1/2"]
[WhiteElo "2410"]
[BlackElo "2255"]

1.d4 Nf6 2.c4 e6 3.Nf3 b6 4.a3 Ba6 5.Qc2 c5 6.d5 Qc7 7.e4 e5 8.Nc3 g6 9.Bd3 Bg7
10.O-O d6 11.h3 h6 12.Be3 O-O 13.Nd2 Nh5 14.Ne2 Nd7 15.Rae1 Rab8 16.Kh2 b5
17.cxb5 Bxb5 18.Bxb5 Rxb5 19.g4 Nf4 20.b4 Nxe2 21.Rxe2 Qb8 22.Qa4 cxb4 23.axb4 Rd8
24.Bxa7 Qb7 25.Nc4 Rxb4 26.Qa5 Ra8 27.Nxd6 Qxa7 28.Qxb4 Bf8 29.Rc2 Rb8 30.Nc8 Qa6
31.Qc4 Qf6 32.Na7 Qf4+ 33.Kg2 Rb4 34.Qd3 Ra4 35.Nb5 Rxe4 36.Qf3 Qxf3+ 37.Kxf3 Rb4
38.Nc7 e4+ 39.Kg2 Bd6 40.Ra1 Bf4 41.Ra8+ Kh7 42.Rd8 Ne5 43.d6 Nf3 44.Nd5 Rb1
45.Nf6+ Kg7 46.Ne8+ Kh7 47.Nf6+ Kg7 48.Ne8+ Kh7  1/2-1/2

[Event "Budapest Statistika"]
[Site "Budapest"]
[Date "1993.??.??"]
[Round "9"]
[White "Szabolcsi, Janos"]
[Black "Lorincz, Istvan"]
[Result "0-1"]
[WhiteElo "2380"]
[BlackElo "2355"]

1.d4 Nf6 2.c4 e6 3.Nf3 b6 4.a3 Bb7 5.Nc3 Ne4 6.Nxe4 Bxe4 7.Nd2 Bg6 8.g3 Nc6
9.e3 Be7 10.Bg2 O-O 11.b4 Rc8 12.Bb2 Bf6 13.O-O d5 14.cxd5 exd5 15.f4 Bd3
16.Re1 Ne7 17.g4 g6 18.Rc1 c5 19.Nf3 Be4 20.Qa4 Rc7 21.bxc5 bxc5 22.Bc3 Qc8
23.g5 Bg7 24.Ba5 Rc6 25.Rxc5 Rxc5 26.dxc5 Qxc5 27.Bb4 Qc7 28.Nd4 Bxg2 29.Kxg2 Rc8
30.Rd1 Bxd4 31.Rxd4 Nf5 32.Rd3 Qc1 33.Rc3 Qd2+ 34.Kh3 Rd8 35.Qd7 Rf8 36.Rb3 Qd1
37.Kg2 Qe2+ 38.Kg1 Nh4 39.Qh3 Qd1+ 40.Kf2 Qc2+ 41.Kf1 Qxb3 42.Bxf8 Kxf8 43.Qxh4 Qxe3
44.Qxh7 Qxf4+ 45.Ke1 Qxg5 46.Qh8+ Ke7 47.Qb8 Qc1+ 48.Ke2 Qxa3 49.Qe5+ Kd7
50.Qxd5+ Qd6 51.Qb7+ Ke6 52.h3 Qe5+ 53.Kf1 Qa1+ 54.Kg2 Kf6 55.h4 Qd4 56.Qa8 Kg7
57.Kh3 Qc3+ 58.Kh2 a5 59.Qe8 Qc2+ 60.Kg1 Qd1+ 61.Kf2 Qd4+ 62.Kg3 a4 63.Qe7  0-1

[Event "Buenos Aires Najdorf op"]
[Site "Buenos Aires"]
[Date "1993.??.??"]
[Round "9"]
[White "Minzer, Claudio Javier"]
[Black "Anelli, Antonio"]
[Result "1/2-1/2"]
[WhiteElo "2370"]
[BlackElo "2320"]

1.d4 Nf6 2.c4 e6 3.Nf3 b6 4.a3 Bb7 5.Nc3 d5 6.cxd5 Nxd5 7.Qc2 Be7 8.e4 Nxc3
9.bxc3 c5 10.Bb5+ Bc6 11.Bd3 O-O 12.O-O Nd7 13.Rd1 cxd4 14.cxd4 Rc8 15.Qe2 Bb7
16.Bb2 Qc7 17.Qe3 Nf6 18.Nd2 Rfd8 19.Qh3 g6 20.Re1 Qf4 21.Re2 Qg4 22.Qe3 Nh5
23.f3 Qg5 24.Qxg5 Bxg5 25.g3 Be7  1/2-1/2

[Event "Cannes op2"]
[Site "Cannes"]
[Date "1993.??.??"]
[Round "?"]
[White "Komarov, Dimitri"]
[Black "Behrens, Harald"]
[Result "1-0"]
[WhiteElo "2530"]
[BlackElo "2290"]

1.d4 Nf6 2.Nf3 e6 3.c4 b6 4.a3 Ba6 5.Qc2 Bb7 6.Nc3 c5 7.e4 cxd4 8.Nxd4 d6
9.Be2 Be7 10.Be3 Nbd7 11.O-O-O a6 12.f4 Qc7 13.g4 g6 14.g5 Nh5 15.f5 exf5
16.exf5 Ne5 17.f6 Nxf6 18.gxf6 Bxf6 19.Rhf1 Bg7 20.Nd5 Bxd5 21.cxd5 Qb7 22.Kb1 Rc8
23.Qb3 O-O 24.Rc1 b5 25.Rxc8 Qxc8 26.Rc1 Qh3 27.Bf4 Qg2 28.Ka1 Re8 29.Qe3 Rf8
30.Bxe5 Bxe5 31.Nf3 Re8 32.Ka2 a5 33.Rg1 Qh3 34.Bxb5 Rb8 35.a4 Rc8 36.Qd3 Bf6
37.Re1 Kg7 38.Qe4 Rc5 39.Re2 Rc1 40.Nd4 Qf1 41.Nb3 Rd1 42.Rd2 Qg1 43.Rxd1 Qxd1
44.Be2 Qg1 45.Nxa5 Qxh2 46.Nc4 h5 47.a5 h4 48.a6 Qf2 49.Nxd6 Bd4 50.Qf3 h3
51.Nb5 h2 52.Qxf2 Bxf2 53.Bf3 f5 54.a7 Bxa7 55.Nxa7 g5 56.Nc6 g4 57.Bh1 Kf6
58.d6 Ke6 59.Nd4+  1-0

[Event "Cannes op2"]
[Site "Cannes"]
[Date "1993.??.??"]
[Round "?"]
[White "Cebalo, Miso"]
[Black "Arnason, Jon L"]
[Result "1-0"]
[WhiteElo "2485"]
[BlackElo "2535"]

1.d4 Nf6 2.Nf3 e6 3.c4 b6 4.a3 Ba6 5.Qc2 Bb7 6.Nc3 c5 7.dxc5 bxc5 8.Bf4 d6
9.Rd1 Qb6 10.e3 Be7 11.Be2 O-O 12.O-O Rd8 13.b4 Nbd7 14.Rb1 Qa6 15.Rfd1 Rac8
16.b5 Qb6 17.a4 a5 18.e4 Ng4 19.Nd2 Nge5 20.Be3 g5 21.Nb3 Kh8 22.f3 Rg8 23.Bf1 Ra8
24.Ne2 Nf8 25.Bd2 Nfg6 26.Bc3 f6 27.Ng3 Bd8 28.Qd2 Nf7 29.Nh5 Nge5 30.Re1 Rg6
31.Rbd1 Qc7 32.Be2 Bc8 33.f4 gxf4 34.Nxf4 Rg8 35.Rf1 Ng5 36.Qe3 Qe7 37.h4 Ngf7
38.Nh5 f5 39.exf5 exf5 40.Bf3 Ra7 41.Bd5 Be6 42.Rf4 Rg6 43.Ng3 Rf6 44.Nxf5 Bxf5
45.Bxf7 Qf8 46.Rxd6 Qxd6 47.Qxe5 Qd1+ 48.Rf1 Qxf1+ 49.Kxf1 Bd3+ 50.Kg1 Kg7
51.Qe8 Rxf7 52.Qxd8  1-0

[Event "Cappelle op"]
[Site "Cappelle la Grande"]
[Date "1993.??.??"]
[Round "1"]
[White "Lacrosse, Marc"]
[Black "Stefansson, Hannes"]
[Result "0-1"]
[WhiteElo "2250"]
[BlackElo "2495"]

1.d4 Nf6 2.c4 e6 3.Nf3 b6 4.a3 Ba6 5.Qc2 Bb7 6.Nc3 c5 7.dxc5 bxc5 8.Bf4 Be7
9.Rd1 O-O 10.e3 d6 11.Be2 Qb6 12.O-O Rd8 13.Rd2 Nbd7 14.Rfd1 Nf8 15.h3 Ng6
16.Bh2 Rab8 17.Rb1 Ba8 18.Qd1 Ne8 19.Bd3 Bf6 20.Ne4 Bxe4 21.Bxe4 Qa6 22.Qc1 Rb3
23.Bc2 Rb6 24.Bd3 Qb7 25.Qc2 Rb8 26.b4 cxb4 27.c5 b3 28.Qd1 dxc5 29.Bxb8 Qxb8
30.Bc4 Nd6 31.Rxd6 Rxd6  0-1

[Event "Ceske Budejovice op"]
[Site "Ceske Budejovice"]
[Date "1993.??.??"]
[Round "2"]
[White "Vokac, Marek"]
[Black "Roj, Miroslav"]
[Result "0-1"]
[WhiteElo "2465"]
[BlackElo "2135"]

1.d4 Nf6 2.c4 e6 3.Nf3 b6 4.a3 Bb7 5.Nc3 d5 6.Qc2 Be7 7.cxd5 Nxd5 8.e4 Nxc3
9.bxc3 O-O 10.Bb2 c5 11.Rd1 Qc8 12.d5 exd5 13.exd5 c4 14.Be2 Qc5 15.O-O Nd7
16.Bc1 Bxd5 17.Be3 Qc6 18.Nd4 Qb7 19.Nf5 Bf6 20.Rxd5 Qxd5 21.Rd1 Qe6 22.Rd6 Qe8
23.Bxc4 Ne5 24.Be2 Rd8 25.Rxf6 gxf6 26.h3 Qe6 27.Bd4 Nc6 28.Be3 Rfe8 29.Bf3 Ne5
30.Be4 Nc4 31.Nh6+ Kf8 32.Bb7 Nxe3 33.Qxh7 Rd1+ 34.Kh2 Qe5+ 35.g3 Nf1+ 36.Kg2 Qe6
37.Bc6 Qxc6+ 38.f3 Qe6 39.Nf5 Qe2+ 40.Kg1 Nxg3+  0-1

[Event "JUG-chT"]
[Site "Cetinje"]
[Date "1993.??.??"]
[Round "?"]
[White "Maksimovic, Branimir"]
[Black "Brkljaca, Ante"]
[Result "1-0"]
[WhiteElo "2370"]
[BlackElo "2375"]

1.d4 Nf6 2.Nf3 e6 3.c4 b6 4.a3 d5 5.cxd5 exd5 6.Nc3 Bb7 7.g3 Be7 8.Bg2 O-O
9.O-O c5 10.Bf4 Nc6 11.Rc1 Re8 12.Qa4 a6 13.dxc5 bxc5 14.Rfd1 Qb6 15.Nxd5 Nxd5
16.Rxd5 Qxb2 17.Rd7 Nd8 18.Rc7 Qb5 19.Qc2 Ra7 20.Rb1 Qa5 21.Nd2 Bxg2 22.Rxa7 Nc6
23.Rxe7  1-0

[Event "Ceuta"]
[Site "Ceuta"]
[Date "1993.??.??"]
[Round "8"]
[White "Cramling, Pia"]
[Black "Gomez Esteban, Juan Mario"]
[Result "1/2-1/2"]
[WhiteElo "2525"]
[BlackElo "2450"]

1.d4 Nf6 2.c4 e6 3.Nf3 b6 4.a3 Bb7 5.Nc3 d5 6.cxd5 exd5 7.Bf4 Bd6 8.Bg3 O-O
9.e3 c5 10.Bd3 Qe7 11.Nb5 Bxg3 12.hxg3 Ne4 13.Ne5 Nc6  1/2-1/2

[Event "Cherepovets"]
[Site "Cherepovets"]
[Date "1993.??.??"]
[Round "?"]
[White "Zakharevich, Igor"]
[Black "Tunik, Gennady"]
[Result "1/2-1/2"]
[WhiteElo "2345"]
[BlackElo "2465"]

1.d4 Nf6 2.c4 e6 3.Nf3 b6 4.a3 Ba6 5.Qc2 Bb7 6.Nc3 c5 7.dxc5 bxc5 8.Bf4 Be7
9.e3 O-O 10.Be2 d6 11.Rd1 Qb6 12.O-O a5 13.Rd2 h6 14.h3  1/2-1/2

[Event "Cherepovets"]
[Site "Cherepovets"]
[Date "1993.??.??"]
[Round "?"]
[White "Zakharevich, Igor"]
[Black "Zaitsev, Igor A"]
[Result "1-0"]
[WhiteElo "2345"]
[BlackElo "2450"]

1.d4 Nf6 2.c4 e6 3.Nf3 b6 4.a3 Bb7 5.Nc3 d5 6.cxd5 Nxd5 7.Qc2 Be7 8.e4 Nxc3
9.bxc3 Nd7 10.Bd3 c5 11.Bf4 Rc8 12.Qe2 O-O 13.O-O cxd4 14.cxd4 Nf6 15.Bd2 Rc7
16.Rfe1 Qa8 17.a4 a5 18.Rab1 Qa7 19.h4 Rd8 20.h5 Nxh5 21.d5 exd5 22.e5 g6
23.e6 f5 24.Nd4 Rc4 25.Nxf5 Ba6 26.Bxc4 dxc4 27.Nxe7+ Qxe7 28.Bc3  1-0

[Event "Copenhagen op15"]
[Site "Copenhagen"]
[Date "1993.??.??"]
[Round "3"]
[White "Khenkin, Igor"]
[Black "Danielsen, Henrik"]
[Result "1-0"]
[WhiteElo "2575"]
[BlackElo "2445"]

1.d4 Nf6 2.c4 e6 3.Nf3 b6 4.a3 Bb7 5.Nc3 d5 6.cxd5 Nxd5 7.e3 Be7 8.Bb5+ c6
9.Bd3 Nxc3 10.bxc3 c5 11.O-O Nc6 12.Bb2 O-O 13.Qc2 h6 14.Rad1 cxd4 15.cxd4 Rc8
16.Qe2 Bf6 17.Rfe1 Na5 18.e4 Qd7 19.h4 Qa4 20.g4 Nc4 21.Ba1 Be7 22.g5 hxg5
23.Nxg5 Rfd8 24.Qh5 Bxg5 25.hxg5 e5 26.Kg2 Qd7 27.d5 Kf8 28.Bxc4 Rxc4 29.Bxe5 Bc8
30.Qh8+ Ke7 31.d6+  1-0

[Event "CUB-ch"]
[Site "?"]
[Date "1993.??.??"]
[Round "8"]
[White "Gonzalez, JC."]
[Black "Blanco Fernandez, Alvaro"]
[Result "1-0"]
[WhiteElo "2465"]
[BlackElo "2305"]

1.d4 Nf6 2.c4 e6 3.Nf3 b6 4.a3 Ba6 5.Qa4 Bb7 6.Nc3 c5 7.dxc5 bxc5 8.Bf4 Be7
9.e3 O-O 10.Be2 d6 11.O-O Qb6 12.Qc2 Nc6 13.Rfd1 Rfd8 14.Rd2 Rd7 15.Rad1 Rad8
16.h3 h6 17.Bg3 a6 18.Rc1 Qa7 19.Bh4 Ba8 20.Rcd1 Qb7 21.Qa4 Ne5 22.Bg3 Ng6
23.Bd3 Ne5 24.Bxe5 dxe5 25.Be4 Qc8 26.Rxd7 Nxd7 27.Bxa8 Nb6 28.Rxd8+ Qxd8
29.Qxa6 Nxa8 30.Nxe5 Bf6 31.Nc6  1-0

[Event "CZE-ch"]
[Site "?"]
[Date "1993.??.??"]
[Round "4"]
[White "Vokac, Marek"]
[Black "Vavruska, David"]
[Result "1-0"]
[WhiteElo "2465"]
[BlackElo "2280"]

1.d4 Nf6 2.c4 e6 3.Nf3 b6 4.a3 Bb7 5.Nc3 d5 6.Qc2 Nbd7 7.cxd5 Nxd5 8.Nxd5 exd5
9.Bg5 Qc8 10.g3 Bd6 11.Bh3 h6 12.Bf4 Bxf4 13.gxf4 Qd8 14.Rc1 c6 15.Rg1 O-O
16.Bxd7 Qxd7 17.Ne5 Qd6 18.Qf5 Bc8 19.Qh5 Qf6 20.Rxc6 Qxf4 21.Nd3 Qf5 22.Qxh6 Qh7
23.Qxh7+ Kxh7 24.Kd2 Ba6 25.Rc7 Kg8 26.Ne5 Bc8 27.Nc6 Be6 28.Nxa7 g6 29.Nc6 Kg7
30.Ne5 Kf6 31.Rg3  1-0

[Event "Dortmund op-A"]
[Site "Dortmund"]
[Date "1993.??.??"]
[Round "8"]
[White "Khenkin, Igor"]
[Black "Bischoff, Klaus"]
[Result "1/2-1/2"]
[WhiteElo "2575"]
[BlackElo "2505"]

1.d4 Nf6 2.c4 e6 3.Nf3 b6 4.a3 Ba6 5.Qc2 Bb7 6.Nc3 c5 7.e4 cxd4 8.Nxd4 Nc6
9.Nxc6 Bxc6 10.Bf4 Nh5 11.Be3 Qb8 12.O-O-O Bc5 13.Bxc5 bxc5 14.g3 O-O 15.f4 Nf6
16.Bd3 e5 17.Rhf1 Re8 18.Rd2 Qb7 19.Rdf2 d6 20.fxe5 Rxe5 21.Rxf6 gxf6 22.Rxf6 Qe7
23.Qf2 Kg7 24.Rf4 Rf8 25.h4 Re6 26.Nd5 Bxd5 27.exd5 Rf6 28.Bf5 Re8 29.g4 Qe1+
30.Qxe1 Rxe1+ 31.Kc2 Re5 32.h5 Kh6 33.b4 Re3 34.Kb2 Kg5 35.Rf2 Re4 36.Rc2 Rxf5
37.gxf5 Kxf5 38.bxc5 dxc5 39.Rf2+ Ke5 40.Rxf7 Rxc4 41.Rxa7 Kxd5 42.Rxh7 Rh4
43.h6 Kc6 44.Rh8 Kb6 45.Kb3 Kb7 46.a4 Ka7 47.a5 Kb7 48.Kc3 Ka7 49.Kd3 Kb7
50.h7 Ka7 51.a6 c4+ 52.Kc3 Rh1 53.Kxc4 Rh4+ 54.Kd5 Rh1  1/2-1/2

[Event "Drobeta"]
[Site "Drobeta"]
[Date "1993.??.??"]
[Round "?"]
[White "Botvinnik, Ilia"]
[Black "Itkis, Boris"]
[Result "1-0"]
[WhiteElo "2395"]
[BlackElo "2435"]

1.d4 Nf6 2.c4 e6 3.Nf3 b6 4.a3 Bb7 5.Nc3 d5 6.Bg5 Be7 7.Bxf6 Bxf6 8.cxd5 exd5
9.Qb3 O-O 10.Rd1 Re8 11.e3 c6 12.Bd3 Re7 13.O-O c5 14.Bb1 Na6 15.dxc5 Nxc5
16.Qc2 g6 17.Ba2 Rd7 18.Qd2 Qf8 19.b4 Ne6 20.Nxd5 Bxd5 21.Bxd5 Rad8 22.Qa2 Kg7
23.g3 h5 24.Qb3 Nc7 25.Be4 Rxd1 26.Rxd1 Rxd1+ 27.Qxd1 Qe7 28.Qd3 h4 29.Kg2 hxg3
30.hxg3 a5 31.bxa5 bxa5 32.a4 Qe8 33.Qd5  1-0

[Event "Eger op"]
[Site "Eger"]
[Date "1993.??.??"]
[Round "9"]
[White "Zimmerman, Yuri"]
[Black "Sleisz, Tamas"]
[Result "1/2-1/2"]
[WhiteElo "2360"]
[BlackElo "2215"]

1.d4 Nf6 2.c4 e6 3.Nf3 b6 4.a3 Be7 5.Nc3 Ba6 6.e4 d5 7.e5 Ne4 8.Nxe4 dxe4
9.Ng1 O-O 10.Be3 Nd7 11.Qc2 c5 12.Qxe4 cxd4 13.Qxd4 Qc7 14.Nf3 Rfd8 15.Be2 Bb7
16.Bf4 Rac8 17.Qe3 Bc5 18.Qc3 Nf8 19.Rd1 Rxd1+ 20.Bxd1 Ng6 21.Bg3 Rd8 22.O-O Bxf3
23.Bxf3 Bd4 24.Qc1 Nxe5 25.Be2 Qc8 26.Rd1 Nc6 27.Bf3 a5 28.Bxc6 Qxc6 29.Be5 Qe4
30.Bxd4 Rxd4 31.Rxd4 Qxd4 32.b4 axb4 33.axb4 Kf8 34.g3 Ke8 35.Qe3 Qd6 36.b5 Kd7
37.Kg2 e5 38.Qe4 Qd4 39.Qc6+ Ke7 40.Qc7+ Ke6 41.Qc6+ Ke7 42.h4 Qd6 43.Qb7+ Ke6
44.Qe4 g6 45.h5 f5 46.Qb7 gxh5 47.Qxh7 e4 48.Qxh5 Qd3 49.Qh6+ Ke5 50.Qf4+ Ke6
51.Qe3 Qxe3 52.fxe3 Kd6 53.Kh3 Kc5 54.g4 fxg4+ 55.Kxg4 Kxc4 56.Kf5 Kxb5 57.Kxe4 Kc4
58.Kf4 b5 59.e4 b4 60.e5 b3  1/2-1/2

[Event "Elenite op"]
[Site "Elenite"]
[Date "1993.??.??"]
[Round "5"]
[White "Genov, Petar"]
[Black "Sidorov, Anatoly"]
[Result "1-0"]
[WhiteElo "2430"]
[BlackElo "2360"]

1.d4 Nf6 2.Nf3 e6 3.c4 b6 4.a3 d6 5.Nc3 c5 6.e4 cxd4 7.Nxd4 Bb7 8.f3 Be7
9.Be2 O-O 10.O-O a6 11.Be3 Nbd7 12.Rc1 Rc8 13.Qd2 Qc7 14.Rfd1 Qb8 15.b4 Rfe8
16.Nb3 Bd8 17.Kh1 Bc7 18.Bf4 Ne5 19.Bxe5 dxe5 20.c5 b5 21.a4 Bc6 22.axb5 axb5
23.Qe1 Qb7 24.Qf1 Rb8 25.Ra1 Red8 26.Na5 Bxa5 27.Rxa5 Rd4 28.Rb1 Qc7 29.Rxb5 Ra8
30.Rb6 Nd7 31.Ra6 Rb8 32.Bb5 Bb7 33.Ra7 Nxc5 34.bxc5 Qxc5 35.Rba1 f5 36.Ne2 Rd2
37.Ng1 fxe4 38.Be2 e3 39.Qb1 Qc8 40.Qc1 Bd5 41.Rc7 Qf8 42.Raa7 Rdb2 43.Qxe3 R2b7
44.Raxb7 Rxb7 45.Rxb7 Bxb7 46.Qxe5 Bd5 47.h3 Qa3 48.Qb8+ Kf7 49.Qb1 g6 50.Bd3 Qc3
51.Ne2 Qd2 52.Ng3 Qf4 53.Ne4 g5 54.Qd1 h6 55.Nc3 Bb7 56.Be4 Bc8 57.Nb5 Ke7
58.Qc2 Bd7 59.Qc5+ Kd8 60.Bc6  1-0

[Event "NLD-ch sf"]
[Site "Enschede"]
[Date "1993.??.??"]
[Round "8"]
[White "Grooten, Herman"]
[Black "Riemersma, Liafbern"]
[Result "0-1"]
[WhiteElo "2410"]
[BlackElo "2415"]

1.d4 Nf6 2.c4 e6 3.Nf3 b6 4.a3 Ba6 5.Qc2 c5 6.d5 exd5 7.cxd5 g6 8.Nc3 Bg7
9.g3 O-O 10.Bg2 d6 11.O-O Nbd7 12.Qa4 Bb7 13.Qh4 Re8 14.Bg5 Qe7 15.Rad1 Qf8
16.Bc1 a6 17.Nd2 b5 18.e4 Ne5 19.Nb3 h6 20.f4 Nc4 21.Rde1 Bc8 22.h3 Ra7 23.Nd2 Nh5
24.e5 Nxd2 25.Bxd2 dxe5 26.fxe5 Rxe5 27.g4 Rxe1 28.Bxe1 Nf4 29.Bd2 Nxg2 30.Kxg2 Re7
31.g5 hxg5 32.Bxg5 Re5 33.Re1 Bb7 34.Rxe5 Bxe5 35.Kf1 Qc8 36.Ke2 Qf5 37.Bd2 Bf6
38.Qe4 Qxe4+ 39.Nxe4 Bxb2 40.Nxc5 Bxd5 41.Bb4 a5 42.Bxa5 Bxa3 43.Nd7 Be7
44.Ne5 Bg2  0-1

[Event "ESP-chT"]
[Site "?"]
[Date "1993.??.??"]
[Round "?"]
[White "Gomez, J."]
[Black "Garcia Trobat, Francisco"]
[Result "0-1"]
[WhiteElo "2205"]
[BlackElo "2330"]

1.d4 Nf6 2.c4 e6 3.Nf3 b6 4.a3 Ba6 5.Qc2 c5 6.d5 exd5 7.cxd5 g6 8.e4 Bxf1
9.Kxf1 d6 10.Nc3 Bg7 11.Bf4 O-O 12.h3 Nh5 13.Bg5 Bf6 14.Bh6 Re8 15.g4 Bg7
16.Bg5 Nf6 17.Bf4 b5 18.Re1 Qb6 19.Qd3 a6 20.Bg3 Nbd7 21.Kg2 Rac8 22.Re2 b4
23.axb4 cxb4 24.Na4 Qb5 25.Qd1 Rxe4 26.Rhe1 Rce8 27.Rxe4 Rxe4 28.Bxd6 Rxe1
29.Nxe1 Nxd5 30.Qc2 Be5 31.Bxe5 Nxe5 32.b3 Nf4+ 33.Kg3 Ne2+ 34.Kh2 Nd4 35.Qe4 Nxb3
36.f4 Nd7 37.f5 Qxa4 38.Qe8+ Kg7  0-1

[Event "FIN-chT"]
[Site "FIN"]
[Date "1993.??.??"]
[Round "?"]
[White "Yrjola, Jouni"]
[Black "Maki, Veijo"]
[Result "1-0"]
[WhiteElo "2460"]
[BlackElo "2400"]

1.d4 Nf6 2.c4 e6 3.Nf3 b6 4.a3 Bb7 5.Nc3 g6 6.Qc2 Bg7 7.e4 d5 8.cxd5 exd5
9.e5 Ne4 10.Bb5+ Nd7 11.Nxe4 dxe4 12.Ng5 O-O 13.e6 Nf6 14.exf7+ Kh8 15.Ne6 Qd6
16.Nxf8 Rxf8 17.Be3 Rxf7 18.O-O-O Ng4 19.Kb1 Nh6 20.d5 Nf5 21.Qxe4 Re7 22.Qb4 Qxb4
23.axb4 Nxe3 24.fxe3 Be5 25.e4 Bd6 26.Rd4 Rf7 27.Re1 Be5 28.Rd2 Re7 29.h3 Bd6
30.Rd4 Kg7 31.Bc6 Bc8 32.Rf1 Be5 33.Rd3 Bd6 34.Rd4 Be5 35.Rc4 h5 36.b5 a5
37.Rc2 Bd6 38.Re2 Re5 39.Kc2 Rg5 40.Rf3 Re5 41.Kd3 Bc5 42.Re1 Bf5 43.Rf4 Bd6
44.Ref1 Bc8 45.Rf7+ Kg8 46.R1f6  1-0

[Event "FRA"]
[Site "FRA"]
[Date "1993.??.??"]
[Round "?"]
[White "Szabolcsi, Janos"]
[Black "De Sousa, Jose"]
[Result "1-0"]
[WhiteElo "2380"]
[BlackElo "2275"]

1.d4 Nf6 2.c4 e6 3.Nf3 b6 4.a3 Bb7 5.Nc3 d5 6.cxd5 Nxd5 7.Qc2 Be7 8.e4 Nxc3
9.bxc3 O-O 10.Bd3 c5 11.O-O Nc6 12.Bb2 Rc8 13.d5 exd5 14.exd5 Qxd5 15.Bxh7+ Kh8
16.Bf5 Ne5 17.Ne1 Rcd8 18.c4 Nxc4 19.Bc3 Nd6 20.Bd3 c4 21.Be2 Ne4 22.Bxc4 Qh5
23.Be2 Qh6 24.Bf3 Nxc3 25.Bxb7 Bf6 26.Nf3 Rd7 27.Ba6 b5 28.Rae1 Qf4 29.Re3 Rc7
30.Ne5 Kg8 31.Nd3 Qd6 32.Nb4 Rd8 33.Rfe1 g6 34.Rd3 Qf8 35.Qd2 Rxd3 36.Qxd3 Qc5
37.Qf3 Kg7 38.g3 Qd6 39.Re8 Qd2 40.Kg2 Bd4 41.Rd8 Rc5 42.g4 Ne2 43.Nd3 Rc3
44.Rd7 Bf6 45.Bxb5 Qd1 46.Ne1 Qxe1 47.Qxe2 Qxe2 48.Bxe2 Rxa3 49.Bc4 Bc3 50.Rxf7+ Kh8
51.h4 Ra4 52.Rc7 Be5 53.Rc6 Rb4 54.Kf3 Bd4 55.Bd3 Rb2 56.Bxg6 Bxf2 57.h5 Bd4
58.h6 Rb8 59.g5 a5 60.Bf5 Kg8 61.g6 Kh8 62.Rc7 Rg8 63.Rh7+  1-0

[Event "Gausdal Int"]
[Site "Gausdal"]
[Date "1993.??.??"]
[Round "7"]
[White "Nordahl, Helge"]
[Black "Eriksson, Anders"]
[Result "0-1"]
[WhiteElo "2265"]
[BlackElo "2355"]

1.d4 Nf6 2.c4 e6 3.Nf3 b6 4.a3 c5 5.d5 exd5 6.cxd5 g6 7.Nc3 Bg7 8.Bf4 O-O
9.Bd6 Re8 10.e3 Ne4 11.Nxe4 Rxe4 12.Bd3 Re8 13.Rb1 Bb7 14.Bc4 b5 15.Be2 Qb6
16.Bf4 d6 17.O-O Nd7 18.a4 bxa4 19.Qxa4 Nf6 20.Qb5 Nxd5 21.Qxb6 axb6 22.Bxd6 Re6
23.Bg3 Re4 24.Bd3 Rb4 25.Be5 Bxe5 26.Nxe5 Ra2 27.b3 Nc3 28.Ra1 Bd5 29.Bc4 Bxc4
30.bxc4 f6 31.Rxa2 Nxa2 32.Nd7 Kf7 33.g3 Nc3 34.Re1 Ke7 35.Nb8 Rxc4 36.Ra1 Ra4  0-1

[Event "Geneve op"]
[Site "Geneve"]
[Date "1993.??.??"]
[Round "4"]
[White "Meinsohn, Francis"]
[Black "Ikonnikov, Vyacheslav"]
[Result "1/2-1/2"]
[WhiteElo "2235"]
[BlackElo "2485"]

1.d4 Nf6 2.Nf3 e6 3.c4 b6 4.a3 c5 5.d5 exd5 6.cxd5 g6 7.Nc3 Bg7 8.Bg5 d6
9.e3 O-O 10.Nd2 h6 11.Bh4 Ba6 12.Bxa6 Nxa6 13.O-O Nc7 14.Nc4 Qd7 15.a4 Nfe8
16.e4 f5 17.exf5 Rxf5 18.Ne3 Rf4 19.Bg3 Rb4 20.Qc2 Qf7 21.a5 bxa5 22.Rxa5 a6
23.Ra4 Rab8 24.Rxb4 Rxb4 25.Re1 Nb5 26.Nxb5 axb5 27.b3 Kh7 28.h3 h5 29.Qd3 h4
30.Bh2 Nf6 31.Nc2 c4 32.bxc4 Rxc4 33.Ne3 Ne4 34.f3 Nc5 35.Qe2 Bd4 36.Kh1 Rc3
37.Ng4 Nd3 38.Rd1 Nf4 39.Qe4 Be5 40.Nxe5 dxe5 41.Qxe5 Rd3 42.Rxd3 Nxd3 43.Qd4 Qf5
44.Qxh4+ Kg8 45.d6 g5 46.Qd4 Nc5 47.Bg3 Kf7 48.Kh2 Ke6 49.Qg7 Kd5 50.Qg8+ Kc6
51.Qe8+ Nd7 52.Qa8+ Kc5 53.Qc8+ Kd5 54.Qa8+ Kc5 55.Qa3+ Kd5 56.Qb4 Kc6 57.Qd4 Qc5
58.Qe4+ Qd5 59.Qe2 Qf5 60.Qd2 Kc5 61.Bf2+ Kc6 62.Be3 Qe5+ 63.f4 gxf4 64.Bxf4 Qe4
65.g4 b4 66.g5 Ne5 67.Bxe5 Qxe5+ 68.Kg2 Qxd6 69.Qc2+ Qc5 70.Qa4+ Kd6 71.Qa6+ Qc6+
72.Qxc6+ Kxc6 73.g6 b3 74.g7 b2 75.g8=Q b1=Q 76.Qe6+ Kc7 77.Qe7+ Kc6 78.h4 Qd3
79.Kf2 Qd6 80.Qg5 Kd7  1/2-1/2

[Event "GER CupT"]
[Site "Germany"]
[Date "1993.??.??"]
[Round "?"]
[White "Shirov, Alexei"]
[Black "Huebner, Robert"]
[Result "1/2-1/2"]
[WhiteElo "2670"]
[BlackElo "2620"]

1.d4 Nf6 2.c4 e6 3.Nf3 b6 4.a3 Bb7 5.Nc3 d5 6.cxd5 exd5 7.g3 Bd6 8.Bg2 O-O
9.O-O a6 10.Bf4 Qe7 11.Qc1 Nbd7 12.Nh4 Qe6 13.Bxd6 cxd6 14.Qf4 g6 15.Nf3 Kg7
16.Rac1 h6 17.Rc2 Rac8 18.Rfc1 Rc6 19.Nd1 Rfc8 20.Rxc6 Rxc6 21.Rxc6 Bxc6
22.Qd2 Bb5 23.e3 Qf5 24.Ne1 Nf8 25.Nc3 Bc4 26.b3 Bxb3 27.Qb2 Bc4 28.Qxb6 Qe6
29.a4 Ng4 30.Bh3 h5 31.Qd8 Nh7 32.a5 Nhf6 33.Qb6 Qe7 34.Nd1 Be2 35.Qb3 Qd8
36.Qc2 Bxd1 37.Qxd1 Qxa5 38.Nd3 Qa2 39.Bf1 Ne4 40.Qe1 a5 41.Be2 Ngf6 42.f3 Nd2
43.Kf2 a4 44.Nb4 Qb2 45.Nd3 Qc3 46.Qc1 Qa5 47.Qa3 Nc4 48.Qb4 Qa8 49.Nc1 Qc8
50.Qc3 Qh3 51.Kg1 h4 52.Bf1 Qf5 53.e4 Qg5 54.Bxc4 dxc4 55.Kf2 hxg3+ 56.hxg3 d5
57.e5 Ng8 58.Ne2 Ne7 59.g4 Nc6 60.Qa3  1/2-1/2

[Event "BL9293 (Women)"]
[Site "Germany"]
[Date "1993.??.??"]
[Round "?"]
[White "Goehler, Antje"]
[Black "Kierzek, Mira"]
[Result "1/2-1/2"]
[WhiteElo "2135"]
[BlackElo "2145"]

1.d4 Nf6 2.c4 e6 3.Nf3 b6 4.a3 Bb7 5.Nc3 Be7 6.d5 O-O 7.e4 exd5 8.cxd5 d6
9.Bd3 Nbd7 10.b4 c6 11.O-O cxd5 12.exd5 Ne5 13.Re1 Nxd3 14.Qxd3 Rc8 15.Bb2 Re8
16.Qd4 Bf8 17.Rxe8 Qxe8 18.Re1 Qd7 19.h3 Qf5 20.Nh4 Qh5 21.Rd1 Re8 22.Nf3 Qf5
23.a4 Ba8 24.a5 bxa5 25.b5 Qd7 26.Ra1 Qc7 27.Qa4 Nxd5 28.Nxd5 Bxd5 29.Qxa5 Qb7
30.Ra3 h6 31.Bd4 Bc4 32.Qxa7 Qxb5 33.Ra5 Qb1+ 34.Kh2 Be6 35.Ra1 Qb8 36.Qxb8 Rxb8
37.Be3 d5 38.Nd4 Bd6+ 39.g3 Be5 40.Ra6 Bxd4 41.Bxd4 Rb4 42.Ba7 Rb1 43.g4 h5
44.Ra4 Rb3 45.Be3 hxg4 46.hxg4 Kh7 47.Rd4 Kg6 48.Ra4 Rd3 49.Kg3 Rd1 50.f3 Rd3  1/2-1/2